000 00871nam a2200217 a 4500
001 BRCA_2191
005 20190320203716.0
008 960426s1995 sp-a---##b---f000-0#spa-#
020 _a8477823650
040 _aDLC
_cDLC
_dDLC
050 4 _aCD1864
_b.A73 1995
245 1 0 _aArchivo General de Indias
_blos archivos españoles
_cautores Pedro González García ... [et al.] ; coordinador general de la obra Pedro González García.
260 _aEspaña
_bLunwerg : Ministerio de Educación y Cultura : Dirección General del Libro : Archivos y Bibliotecas
_c1995
300 _a328 p.
_bil. (algunas a color) mapas
_c33 cm.
440 0 _aColección archivos europeos
_96605
504 _aBibliografía : p. 70-71
610 2 4 _aArchivo General de Indias
_96606
651 4 _aEspaña
_xColonias
_zAmérica
_92838
700 1 _aGonzález García, Pedro
_96607
942 _2lcc
_cB
999 _c1947
_d1947